Sejarah Pahang / (Record no. 4213)

000 -LEADER
fixed length control field aam a22 a 4500
003 - CONTROL NUMBER IDENTIFIER
control field AKMAL
005 - DATE AND TIME OF LATEST TRANSACTION
control field 20170525152527.0
008 - FIXED-LENGTH DATA ELEMENTS--GENERAL INFORMATION
fixed length control field 170525t19841972my a00 may d
020 ## - INTERNATIONAL STANDARD BOOK NUMBER
Terms of availability Kkt:
040 ## - CATALOGING SOURCE
Original cataloging agency AKMAL
082 04 - DEWEY DECIMAL CLASSIFICATION NUMBER
Classification number 959.51 BUY
Edition number 21
090 00 - LOCALLY ASSIGNED LC-TYPE CALL NUMBER (OCLC); LOCAL CALL NUMBER (RLIN)
Classification number (OCLC) (R) ; Classification number, CALL (RLIN) (NR) 959.51
Local cutter number (OCLC) ; Book number/undivided call number, CALL (RLIN) BUY
100 0# - MAIN ENTRY--PERSONAL NAME
Personal name Buyong Adil,
Titles and words associated with a name Haji,
Dates associated with a name 1907-1976
9 (RLIN) 7969
245 10 - TITLE STATEMENT
Title Sejarah Pahang /
Statement of responsibility, etc. Haji Buyong bin Adil
250 ## - EDITION STATEMENT
Edition statement 2nd ed
260 ## - PUBLICATION, DISTRIBUTION, ETC.
Place of publication, distribution, etc. Kuala Lumpur :
Name of publisher, distributor, etc. Dewan Bahasa dan Pustaka ,
Date of publication, distribution, etc. 1984
300 00 - PHYSICAL DESCRIPTION
Extent xxii, 461ms. :
Other physical details il. ;
Dimensions 22cm.
500 ## - GENERAL NOTE
General note Index: ms.445-461
599 ## - LOCAL NOTE
Local Note DALAM PROSES
651 #0 - SUBJECT ADDED ENTRY--GEOGRAPHIC NAME
Geographic name Pahang
General subdivision History
9 (RLIN) 7715
942 ## - ADDED ENTRY ELEMENTS (KOHA)
Source of classification or shelving scheme
Koha item type Book
Holdings
Withdrawn status Lost status Source of classification or shelving scheme Damaged status Not for loan Collection code Home library Current library Shelving location Date acquired Inventory number Total Checkouts Full call number Barcode Date last seen Price effective from Koha item type
          NON-FICTION AKMAL Melaka AKMAL Melaka PINJAMAN 25.05.2017 900353   959.51 BUY 201705522 25.05.2017 25.05.2017 Book
          NON-FICTION AKMAL Melaka AKMAL Melaka PINJAMAN 25.05.2017     959.51 BUY 201705369 25.05.2017 25.05.2017 Book
Pusat Sumber Maklumat Dato' Haji Sarmin Md Hussin, Akademi Kastam Diraja Malaysia, Melaka
Tel: 06-2331106 | Faks: 06-2313787